000 00293nam a22001337a 4500
008 171019b xxu||||| |||| 00| 0 eng d
020 _a9780262631341
041 _aeng
080 _a338
100 _a53
101 _aMEN
245 _aNEW KEYNESIAN ECONOMICS
_cMANKIW,N.G
942 _2udc
_cBK
999 _c34881
_d34881